000 00517nam a2200133Ia 4500
008 100328s9999 xx 000 0 und d
082 _b18253
100 _aगाडगिळ न.वि.
245 _aश्री जपजी साहेब मराठी अनुवाद
260 _bट्रिबून
630 _aश्री जपजी साहेब मराठी अनुवाद
730 _aश्री जपजी साहेब मराठी अनुवाद
942 _cBOOK
999 _c512686
_d512683